A Z generáció nem akar dolgozni - vagy csak máshogy? - Előítéletek vs. új munkakultúra
| Szerző: | |
|---|---|
| További közreműködők: | |
| Dokumentumtípus: | TDK dolgozat |
| Kulcsszavak: | együttműködés előítéletek generációk munkaerőpiac Z generáció |
| Online Access: | http://dolgozattar.uni-bge.hu/60451 |
MARC
| LEADER | 00000nta a2200000 i 4500 | ||
|---|---|---|---|
| 001 | dolg60451 | ||
| 005 | 20260416073725.0 | ||
| 008 | 260416suuuu hu o 000 hun d | ||
| 040 | |a BGE Dolgozattár Repozitórium |b hun | ||
| 041 | |a hu | ||
| 100 | 1 | |a Nagy Laura Liliána | |
| 245 | 1 | 2 | |a A Z generáció nem akar dolgozni - vagy csak máshogy? - Előítéletek vs. új munkakultúra |c Nagy Laura Liliána |h [elektronikus dokumentum] |
| 516 | |a Students_Scientific_Association_paper | ||
| 520 | 3 | |a A Z generáció egyre nagyobb arányban jelenik meg a munkaerőpiacon. Megjelenésük új szemléletet, elvárásokat és munkastílust hoz a szervezetek életébe. A generációk közötti különbségek, valamint a Z generációval szembeni előítéletek és sztereotípiák napjainkban kiemelt jelentőséggel bírnak, hiszen hatással vannak a munkahelyi együttműködésre, a szervezeti kultúrára és a fiatal munkavállalók sikeres integrációjára. Kutatásom központi kérdése, hogy milyen előítéletek és sztereotípiák élnek a Z generációval szemben a munkahelyeken és ezek mennyiben alapulnak valódi tapasztalatokon. Vizsgálom, hogyan látják a Z generáció tagjai saját szerepüket, értékeiket és megítélésüket a munkahelyi környezetben, illetve milyen tényezők befolyásolják az önképük és a róluk alkotott külső vélemények alakulását. Elemzem továbbá, hogy az X, Y és Z generációk között milyen különbségek figyelhetők meg a munkahelyi attitűdökben, munkához való hozzáállásban és egymásról alkotott véleményükben. A kutatás során szekunder és primer módszereket alkalmaztam. Szekunder kutatásként magyar és nemzetközi szakirodalmakat, valamint internetes cikkeket elemeztem. Primer kutatásként kvantitatív és kvalitatív módszereket ötvöztem: online kérdőíves felmérést készítettem, amelyben a válaszadókat három csoportba soroltam - Z generációs munkavállalók, kollégáik, vezetőik - így mindhárom nézőpontból vizsgálhattam a munkahelyi tapasztalatokat. A kvalitatív kutatás keretében egyéni interjút készítettem egy német multinacionális vállalat középvezetőjével, aki tíz éve dolgozik együtt Z generációs kollégákkal.Emellett fókuszcsoportos interjút készítettem Z generációs munkavállalókkal, hogy mélyebben megismerjem az ő munkahelyi tapasztalataikat és nézőpontjukat. Az eredmények alapján a generációk közötti együttműködés sok esetben zökkenőmentes, ugyanakkor a Z generációval szembeni előítéletek - például a lustaság, technológiafüggőség, túlzott elvárások - széles körben elterjedtek. A kutatás rámutatott, hogy minél gyakoribb az együttműködés a Z generációval, annál nagyobb eséllyel változik pozitív irányba a velük kapcsolatos vélemény. A Z generáció számára kiemelten fontos a munka-magánélet egyensúlya, a szakmai fejlődés és a rugalmas munkavégzés, míg a lojalitás és a hosszú távú elköteleződés kevésbé hangsúlyos. Összességében kutatásom eredményei hozzájárulhatnak ahhoz, hogy a szervezetek tudatosabban kezeljék a generációk közötti különbségeket, elősegítsék a Z generáció sikeres integrációját és támogassák egy nyitottabb, elfogadóbb munkahelyi kultúra kialakítását. | |
| 695 | |a együttműködés | ||
| 695 | |a előítéletek | ||
| 695 | |a generációk | ||
| 695 | |a munkaerőpiac | ||
| 695 | |a Z generáció | ||
| 700 | 1 | |a Czeglédi Dr. Csilla |e ths | |
| 700 | 1 | |a Gáspár Dr. Tamás |e ths | |
| 856 | 4 | 0 | |u http://dolgozattar.uni-bge.hu/60451/1/Nagy_Laura_Lili%C3%A1na_NGK.pdf |z Dokumentum-elérés |
| 856 | 4 | 0 | |u http://dolgozattar.uni-bge.hu/60451/2/Szerz%C5%91i%20hozz%C3%A1j%C3%A1rul%C3%B3%20nyilatkozat.pdf |z Dokumentum-elérés |
| 856 | 4 | 0 | |u http://dolgozattar.uni-bge.hu/60451/3/Nagy_Laura_Lili%C3%A1na_Rez%C3%BCm%C3%A9.docx |z Dokumentum-elérés |
| 856 | 4 | 0 | |u http://dolgozattar.uni-bge.hu/60451/4/Nagy_Laura_Lili%C3%A1na_Rez%C3%BCm%C3%A9.pdf |z Dokumentum-elérés |
| 856 | 4 | 0 | |u http://dolgozattar.uni-bge.hu/60451/5/Nagy_Laura_Lili%C3%A1na_NGK_OT.pdf |z Dokumentum-elérés |
| 856 | 4 | 0 | |u http://dolgozattar.uni-bge.hu/60451/6/Nagy_Laura_Lili%C3%A1na_MK_TA.pdf |z Dokumentum-elérés |